[Event "CCT Chessable Masters Play-In 2025"]
[Site "Online"]
[Date "2025.02.17"]
[Round "6.23"]
[White "Rakhmanov, Aleksandr"]
[Black "Esipenko, Andrey"]
[Result "0-1"]
[WhiteElo "2585"]
[BlackElo "2695"]
[PlyCount "74"]
[EventDate "2025.02.13"]
[EventType "swiss"]
[EventCountry "NET"]

1. c4 Nf6 2. Nc3 c5 3. g3 e6 4. Nf3 b6 5. Bg2 Bb7 6. O-O Be7 7. d4 cxd4 8. Qxd4 d6 9. Rd1 a6 10. Bg5 Nbd7 11. Bxf6 Nxf6 12. Ng5 Bxg2 13. Kxg2 O-O 14. Rac1 b5 15. Nge4 Ne8 16. cxb5 d5 17. Nc5 axb5 18. e4 b4 19. Qxb4 Nc7 20. exd5 Na6 21. Qc4 Nxc5 22. b4 Nb7 23. dxe6 Nd6 24. Qe2 Ra7 25. Nd5 Qe8 26. a4 Bd8 27. exf7+ Qxf7 28. a5 Re8 29. Qd3 h5 30. Re1 h4 31. Rxe8+ Qxe8 32. Qf3 Rf7 33. Qg4 Qe5 34. Rd1 Bg5 35. gxh4 Ne4 36. hxg5 Rxf2+ 37. Kg1 Qxh2# 0-1

[Event "CCT Chessable Masters Play-In 2025"]
[Site "Online"]
[Date "2025.02.17"]
[Round "6.24"]
[White "Yoo, Christopher Woojin"]
[Black "Kravtsiv, Martyn"]
[Result "1-0"]
[WhiteElo "2588"]
[BlackElo "2598"]
[PlyCount "91"]
[EventDate "2025.02.13"]
[EventType "swiss"]
[EventCountry "NET"]

1. Nf3 d5 2. d4 Nf6 3. c4 e6 4. Nc3 Be7 5. Bf4 O-O 6. e3 Nbd7 7. a3 c6 8. Qc2 Nh5 9. Bg3 g6 10. Rc1 b6 11. cxd5 exd5 12. Bd3 Bb7 13. O-O Nxg3 14. hxg3 Re8 15. Rfe1 Bf8 16. e4 dxe4 17. Nxe4 c5 18. Bc4 b5 19. Bxb5 cxd4 20. Bxd7 Bxe4 21. Rxe4 Qxd7 22. Rxd4 Qe6 23. Qd2 Rac8 24. Rxc8 Rxc8 25. Rd8 Rxd8 26. Qxd8 Qb3 27. Qd4 a5 28. Ne5 h5 29. Qc4 Qb7 30. Nxg6 Qxb2 31. Nxf8 Kxf8 32. Qc5+ Kg8 33. Qg5+ Kf8 34. Qxa5 Qc1+ 35. Kh2 Kg8 36. a4 Qc2 37. Qg5+ Kf8 38. Qd8+ Kg7 39. Qd4+ Kg6 40. a5 Qa2 41. Qb6+ f6 42. a6 Qa4 43. a7 h4 44. Qb8 hxg3+ 45. fxg3 Qa5 46. Qg8+ 1-0

[Event "CCT Chessable Masters Play-In 2025"]
[Site "Online"]
[Date "2025.02.17"]
[Round "6.25"]
[White "Salem, A.R. Saleh"]
[Black "Korobov, Anton"]
[Result "0-1"]
[WhiteElo "2631"]
[BlackElo "2627"]
[PlyCount "84"]
[EventDate "2025.02.13"]
[EventType "swiss"]
[EventCountry "NET"]

1. d4 Nf6 2. c4 e6 3. Nc3 d5 4. cxd5 exd5 5. Bg5 Be7 6. e3 O-O 7. Bd3 h6 8. Bh4 Re8 9. Nge2 c6 10. a4 a5 11. f3 Na6 12. Rc1 Nb4 13. Bb1 Nh5 14. Bf2 Bh4 15. Qd2 Bxf2+ 16. Kxf2 Qh4+ 17. g3 Qf6 18. h3 Bd7 19. g4 Qh4+ 20. Kg2 Nf6 21. Ng3 Re7 22. e4 dxe4 23. fxe4 c5 24. dxc5 Rae8 25. Rhf1 h5 26. Nf5 Bxf5 27. gxf5 Re5 28. Rf4 Qg5+ 29. Kh2 Nbd5 30. Rf2 Qh4 31. Nxd5 Rxd5 32. exd5 Re3 33. Kg1 Rxh3 34. Kf1 Ng4 35. Rg2 Ne3+ 36. Ke2 Nxg2 37. Rg1 Qg4+ 38. Kf1 Rf3+ 39. Ke2 Rg3+ 40. Kf1 Qf3+ 41. Qf2 Ne3+ 42. Ke1 Qd1# 0-1

[Event "CCT Chessable Masters Play-In 2025"]
[Site "Online"]
[Date "2025.02.17"]
[Round "6.26"]
[White "Xu, Xiangyu"]
[Black "Muradli, Mahammad"]
[Result "0-1"]
[WhiteElo "2623"]
[BlackElo "2588"]
[PlyCount "148"]
[EventDate "2025.02.13"]
[EventType "swiss"]
[EventCountry "NET"]

1. d4 Nf6 2. c4 e6 3. Nc3 d5 4. cxd5 exd5 5. Bg5 Be7 6. e3 c6 7. Bd3 h6 8. Bf4 Bd6 9. Bxd6 Qxd6 10. Nf3 O-O 11. Qc2 a5 12. a3 Re8 13. O-O Nbd7 14. Rac1 Qe7 15. Nd2 b6 16. e4 dxe4 17. Ndxe4 Bb7 18. Rfe1 Nd5 19. Nxd5 cxd5 20. Qc7 dxe4 21. Qxb7 Nf6 22. Rc7 Qd6 23. Bc4 Reb8 24. Rxf7 Kh8 25. Qe7 Qxe7 26. Rxe7 Rd8 27. Rd1 Rac8 28. b3 a4 29. Rb7 Rd6 30. h3 h5 31. Bf7 axb3 32. Bxb3 Rc3 33. Rb1 Kh7 34. a4 h4 35. Rb2 Kh6 36. Rb8 e3 37. fxe3 Rxe3 38. Rh8+ Kg5 39. Bc2 Rxd4 40. Rb5+ Rd5 41. Rxb6 Re2 42. Bb3 Rdd2 43. Rb5+ Kf4 44. Kf1 Rf2+ 45. Ke1 Rxg2 46. Rxh4+ Kg3 47. Rc4 Rb2 48. Rg5+ Kxh3 49. Rxg2 Rxg2 50. a5 Rg3 51. Rb4 Re3+ 52. Kf2 Re7 53. a6 Ng4+ 54. Kf3 Ne5+ 55. Ke3 Ra7 56. Rb6 Kg3 57. Ke4 Nd7 58. Rg6+ Kf2 59. Kd4 Nf6 60. Bc4 Kf3 61. Kc5 Re7 62. Kb6 Nd7+ 63. Ka5 Ne5 64. Bd5+ Kf4 65. Re6 Rd7 66. Bb7 Rd1 67. Kb6 Ra1 68. Ka7 Rb1 69. Re7 Nc4 70. Rxg7 Na5 71. Rd7 Nc4 72. Kb8 Ne5 73. Rf7+ Nxf7 74. a7 Ne5 0-1

[Event "CCT Chessable Masters Play-In 2025"]
[Site "Online"]
[Date "2025.02.17"]
[Round "6.27"]
[White "Puranik, Abhimanyu"]
[Black "Henriquez Villagra, Cristobal"]
[Result "1/2-1/2"]
[WhiteElo "2636"]
[BlackElo "2597"]
[PlyCount "115"]
[EventDate "2025.02.13"]
[EventType "swiss"]
[EventCountry "NET"]

1. e4 c6 2. d4 d5 3. exd5 cxd5 4. Nf3 Nc6 5. c4 Nf6 6. c5 g6 7. Bb5 Qa5+ 8. Nc3 Ne4 9. a4 Bg7 10. O-O Nxc3 11. bxc3 O-O 12. Re1 Bg4 13. Bd2 e6 14. Ra2 a6 15. Bf1 Qc7 16. h3 Bxf3 17. Qxf3 e5 18. dxe5 Nxe5 19. Qxd5 Rad8 20. Qb3 Rfe8 21. Rb2 Rxd2 22. Rxd2 Nf3+ 23. gxf3 Rxe1 24. Qd5 Bf8 25. c6 bxc6 26. Qg5 Be7 27. Qg4 Qe5 28. Rd4 Bc5 29. Re4 Qxc3 30. Kg2 f5 31. Rc4 Rxf1 32. Rxc3 Rxf2+ 33. Kg3 fxg4 34. Rxc5 Rxf3+ 35. Kxg4 Rb3 36. Ra5 Rb6 37. Kf4 Kg7 38. h4 Kh6 39. Kg3 c5 40. Rxc5 Rb3+ 41. Kg2 Rb4 42. Ra5 Rxh4 43. Rxa6 Rb4 44. Ra7 Rb3 45. a5 Ra3 46. a6 g5 47. Ra8 Kh5 48. a7 h6 49. Kh2 g4 50. Kg2 Kh4 51. Rh8 Rxa7 52. Rxh6+ Kg5 53. Rb6 Ra2+ 54. Kg3 Ra3+ 55. Kg2 Ra2+ 56. Kg3 Ra3+ 57. Kf2 Ra2+ 58. Kg3 1/2-1/2

[Event "CCT Chessable Masters Play-In 2025"]
[Site "Online"]
[Date "2025.02.17"]
[Round "6.28"]
[White "Santos Latasa, Jaime"]
[Black "Lagarde, Maxime"]
[Result "1-0"]
[WhiteElo "2631"]
[BlackElo "2604"]
[PlyCount "67"]
[EventDate "2025.02.13"]
[EventType "swiss"]
[EventCountry "NET"]

1. Nf3 b6 2. e4 Bb7 3. Nc3 Nf6 4. e5 Nd5 5. Bc4 Nxc3 6. dxc3 e6 7. Bf4 d5 8. Bd3 h6 9. h4 Nd7 10. h5 Nc5 11. Bb5+ c6 12. Be2 Ba6 13. Bxa6 Nxa6 14. Qe2 Nc5 15. O-O-O b5 16. Nd4 Qa5 17. Kb1 Qa6 18. Rh3 Rb8 19. Bd2 Na4 20. f4 c5 21. Nf3 c4 22. Nd4 Rb6 23. Bc1 b4 24. cxb4 Bxb4 25. Ka1 O-O 26. f5 Rfb8 27. Qg4 Bf8 28. b3 Qa5 29. Bd2 c3 30. Bxh6 exf5 31. Nxf5 Rxb3 32. cxb3 Nc5 33. Nd4 Rxb3 34. Bxg7 1-0

[Event "CCT Chessable Masters Play-In 2025"]
[Site "Online"]
[Date "2025.02.17"]
[Round "6.29"]
[White "Mendonca, Leon Luke"]
[Black "Ivic, Velimir"]
[Result "0-1"]
[WhiteElo "2641"]
[BlackElo "2622"]
[PlyCount "64"]
[EventDate "2025.02.13"]
[EventType "swiss"]
[EventCountry "NET"]

1. Nf3 d5 2. e3 Nf6 3. c4 e6 4. d4 b6 5. b3 Bb7 6. Bd3 Bd6 7. O-O Qe7 8. Bb2 O-O 9. Nbd2 Nbd7 10. Qc2 c5 11. cxd5 exd5 12. Rac1 Rac8 13. Qb1 Rfe8 14. Rfd1 Ne4 15. Nf1 Ndf6 16. dxc5 bxc5 17. Bxe4 Nxe4 18. Ng3 Bxg3 19. hxg3 Nxf2 20. Re1 Ne4 21. Qc2 Nxg3 22. Qf2 Ne4 23. Qe2 f6 24. Rc2 Qf7 25. Nd2 d4 26. Nxe4 Rxe4 27. Qf2 Rce8 28. Rxc5 dxe3 29. Qg3 Qe6 30. Re2 Rg4 31. Qc7 Bxg2 32. Rxg2 e2 0-1

[Event "CCT Chessable Masters Play-In 2025"]
[Site "Online"]
[Date "2025.02.17"]
[Round "6.31"]
[White "Iturrizaga Bonelli, Eduardo"]
[Black "Bologan, Victor"]
[Result "1-0"]
[WhiteElo "2577"]
[BlackElo "2603"]
[PlyCount "113"]
[EventDate "2025.02.13"]
[EventType "swiss"]
[EventCountry "NET"]

1. c4 e5 2. g3 Nf6 3. Bg2 h6 4. Nf3 Nc6 5. O-O e4 6. Ne1 Bc5 7. Nc3 Qe7 8. d3 e3 9. fxe3 Bxe3+ 10. Kh1 Bxc1 11. Qxc1 O-O 12. Nc2 d6 13. Qd2 Ne5 14. h3 c5 15. Rf2 Be6 16. Raf1 Nh7 17. Ne3 Qd7 18. Kh2 Rae8 19. b3 f5 20. Ncd5 g6 21. d4 cxd4 22. Qxd4 b6 23. Nf4 Bf7 24. Rd1 Rd8 25. Ned5 Kg7 26. e4 fxe4 27. Bxe4 Ng5 28. Bg2 Ne6 29. Qc3 Nxf4 30. gxf4 Bxd5 31. Rxd5 Kh7 32. Be4 Qe7 33. Qg3 Qf6 34. Rdd2 Nd7 35. Rg2 Rg8 36. h4 Nc5 37. Bc2 Ne6 38. h5 Qxf4 39. hxg6+ Kg7 40. Qxf4 Nxf4 41. Rg4 Rgf8 42. Kg3 Nh5+ 43. Kh4 Nf6 44. Rgd4 Ne8 45. Re4 Rd7 46. Rde2 Nf6 47. Re7+ Kg8 48. Bf5 Rxe7 49. Rxe7 Re8 50. Be6+ Kf8 51. Rf7+ Kg8 52. Re7+ Kf8 53. Rf7+ Kg8 54. Rxf6+ Kg7 55. Rf7+ Kxg6 56. Bd5 Re2 57. Rf3 1-0

[Event "CCT Chessable Masters Play-In 2025"]
[Site "Online"]
[Date "2025.02.17"]
[Round "6.32"]
[White "Rozum, Ivan"]
[Black "Bharath Subramaniyam H"]
[Result "1-0"]
[WhiteElo "2443"]
[BlackElo "2567"]
[PlyCount "83"]
[EventDate "2025.02.13"]
[EventType "swiss"]
[EventCountry "NET"]

1. d4 Nf6 2. c4 b6 3. Nc3 Bb7 4. f3 d5 5. cxd5 Nxd5 6. e4 Nxc3 7. bxc3 g6 8. Bb5+ c6 9. Bc4 Bg7 10. Ne2 c5 11. Be3 cxd4 12. cxd4 Nc6 13. h4 O-O 14. h5 Rc8 15. hxg6 hxg6 16. Rc1 Na5 17. Bd3 Rxc1 18. Qxc1 Qc8 19. Qd2 Rd8 20. Kf2 Nc4 21. Bxc4 Qxc4 22. Rc1 Qe6 23. d5 Qd7 24. Bd4 e5 25. Be3 Rc8 26. Rh1 Ba6 27. Bh6 Bxe2 28. Bxg7 Kxg7 29. Kxe2 Kf6 30. Kf2 Qa4 31. Kg3 Qd4 32. Qh6 Rc2 33. Qh4+ g5 34. Qh6+ Ke7 35. Qxg5+ Kd7 36. Rh7 Rc7 37. Rxf7+ Kc8 38. Rxc7+ Kxc7 39. Qe7+ Kb8 40. d6 Qd2 41. Qc7+ Ka8 42. Qc8# 1-0

[Event "CCT Chessable Masters Play-In 2025"]
[Site "Online"]
[Date "2025.02.17"]
[Round "6.33"]
[White "Samadov, Read"]
[Black "Pultinevicius, Paulius"]
[Result "1-0"]
[WhiteElo "2501"]
[BlackElo "2566"]
[PlyCount "54"]
[EventDate "2025.02.13"]
[EventType "swiss"]
[EventCountry "NET"]

1. d4 Nf6 2. c4 e6 3. Nf3 d5 4. Nc3 c6 5. Bg5 h6 6. Bxf6 Qxf6 7. Qb3 Nd7 8. e4 dxe4 9. Nxe4 Qf5 10. Bd3 Qa5+ 11. Kf1 Be7 12. Re1 O-O 13. Bb1 e5 14. Qc2 f5 15. Ng3 e4 16. Nxe4 Nf6 17. Ng3 Bb4 18. Re5 Qa6 19. Nxf5 Bxf5 20. Rxf5 Rae8 21. g3 Re7 22. Kg2 Rfe8 23. Rxf6 gxf6 24. Qg6+ Kf8 25. Qxf6+ Kg8 26. Qg6+ Kh8 27. Qxh6+ Kg8 1-0

[Event "CCT Chessable Masters Play-In 2025"]
[Site "Online"]
[Date "2025.02.17"]
[Round "6.34"]
[White "Banusz, Tamas"]
[Black "Aronian, Levon"]
[Result "0-1"]
[WhiteElo "2582"]
[BlackElo "2745"]
[PlyCount "94"]
[EventDate "2025.02.13"]
[EventType "swiss"]
[EventCountry "NET"]

1. d4 d5 2. Nf3 Nf6 3. g3 Bf5 4. Bg2 c6 5. c4 e6 6. Nc3 Nbd7 7. Qb3 Qb6 8. c5 Qc7 9. Bf4 Qc8 10. Nh4 Bg6 11. Nxg6 hxg6 12. e4 dxe4 13. Bxe4 Nxe4 14. Nxe4 Nf6 15. f3 Qd7 16. Qc4 b5 17. cxb6 axb6 18. Rc1 Rc8 19. Be3 Rh5 20. Ke2 Be7 21. h4 Rb5 22. b3 Ra5 23. a4 Kf8 24. Rhd1 Kg8 25. Rc2 Nd5 26. Bd2 Raa8 27. Rdc1 Ba3 28. Ra1 Be7 29. Rac1 Rc7 30. Qd3 Rd8 31. Qc4 Qc8 32. b4 Nf6 33. Bf4 Ra7 34. b5 Nxe4 35. fxe4 c5 36. dxc5 Bxc5 37. Be3 Qa8 38. Ra1 Bxe3 39. Kxe3 Rad7 40. a5 bxa5 41. b6 Qb8 42. Kf2 Qxb6+ 43. Qc5 Rd2+ 44. Kf3 Qb3+ 45. Rc3 R8d3+ 46. Rxd3 Rxd3+ 47. Ke2 Rxg3 0-1

[Event "CCT Chessable Masters Play-In 2025"]
[Site "Online"]
[Date "2025.02.17"]
[Round "6.35"]
[White "Aravindh, Chithambaram VR."]
[Black "Madaminov, Mukhiddin"]
[Result "1-0"]
[WhiteElo "2729"]
[BlackElo "2521"]
[PlyCount "87"]
[EventDate "2025.02.13"]
[EventType "swiss"]
[EventCountry "NET"]

1. Nf3 Nf6 2. g3 d5 3. Bg2 e6 4. O-O Be7 5. d4 O-O 6. c3 a5 7. Nbd2 a4 8. Qc2 b5 9. e4 Bb7 10. e5 Nfd7 11. h4 c5 12. Ng5 Bxg5 13. hxg5 Qxg5 14. Nf3 Qg6 15. Qe2 b4 16. Nh4 Ba6 17. c4 Bxc4 18. Qxc4 dxc4 19. Nxg6 hxg6 20. Bxa8 cxd4 21. Rd1 d3 22. Bd2 Na6 23. Bb7 Nac5 24. Bc6 a3 25. bxa3 c3 26. axb4 c2 27. Re1 Rc8 28. Bb5 Rb8 29. a4 Nb3 30. Bf4 g5 31. Bxg5 Nxe5 32. Kg2 Nxa1 33. Rxa1 Rd8 34. Bd2 Rd5 35. f4 Ng4 36. Kf3 Nh2+ 37. Kg2 Ng4 38. a5 Rh5 39. Bxd3 Rh2+ 40. Kg1 Rxd2 41. Bxc2 Rxc2 42. a6 Nh2 43. a7 Nf3+ 44. Kf1 1-0

[Event "CCT Chessable Masters Play-In 2025"]
[Site "Online"]
[Date "2025.02.17"]
[Round "6.36"]
[White "Warmerdam, Max"]
[Black "Martinez Alcantara, Jose Eduardo"]
[Result "0-1"]
[WhiteElo "2638"]
[BlackElo "2606"]
[PlyCount "134"]
[EventDate "2025.02.13"]
[EventType "swiss"]
[EventCountry "NET"]

1. Nf3 c5 2. g3 g6 3. Bg2 Bg7 4. c4 Nc6 5. Nc3 d6 6. d3 e6 7. h4 h6 8. O-O Nge7 9. e3 O-O 10. d4 b6 11. d5 exd5 12. cxd5 Na5 13. e4 Bg4 14. Re1 a6 15. Bf4 Nc4 16. Qc1 Bxf3 17. Bxf3 Ne5 18. Be2 Kh7 19. a4 Qd7 20. Kg2 Ng8 21. Qc2 h5 22. Rab1 Rfe8 23. b4 c4 24. b5 axb5 25. Rxb5 Qc7 26. Reb1 Nd7 27. Be3 Bxc3 28. Qxc3 Rxe4 29. R1b4 Ngf6 30. Bf3 Rxe3 31. Qxe3 c3 32. Qc1 Rc8 33. Be2 Ne5 34. Qc2 Qb7 35. Kg1 Nxd5 36. Rd4 Nc7 37. Rb3 Ne6 38. Rxd6 Nf3+ 39. Bxf3 Qxf3 40. Rbxb6 Rc4 41. Rxe6 fxe6 42. Rxe6 Qf7 43. Rb6 Rc7 44. Rb5 Kg7 45. Rb1 Qf3 46. Rc1 Kh7 47. Qd1 Qf5 48. Qc2 Qa5 49. Qe4 Qc5 50. Rc2 Qb6 51. Kg2 Qa5 52. Kh2 Qc5 53. Kg2 Kg7 54. Qe3 Qxe3 55. fxe3 Kf6 56. Kf3 Ke5 57. a5 Kd5 58. a6 Kc4 59. Ra2 Ra7 60. Ke2 Kb3 61. Ra5 Kb4 62. Ra1 Kb3 63. Kd3 Rd7+ 64. Ke2 c2 65. a7 Rxa7 66. Rxa7 c1=Q 67. Rb7+ Ka4 0-1

[Event "CCT Chessable Masters Play-In 2025"]
[Site "Online"]
[Date "2025.02.17"]
[Round "6.37"]
[White "Bjerre, Jonas Buhl"]
[Black "Robson, Ray"]
[Result "1-0"]
[WhiteElo "2640"]
[BlackElo "2689"]
[PlyCount "81"]
[EventDate "2025.02.13"]
[EventType "swiss"]
[EventCountry "NET"]

1. e4 c5 2. Nf3 d6 3. Nc3 Nf6 4. h3 a6 5. a4 g6 6. d4 cxd4 7. Nxd4 Bg7 8. Be3 O-O 9. Be2 Nc6 10. Nxc6 bxc6 11. a5 Rb8 12. Bb6 Qe8 13. Ra2 Be6 14. b3 Nd7 15. Bd4 Bxd4 16. Qxd4 c5 17. Qe3 c4 18. bxc4 Qc8 19. Ra4 Ne5 20. Qd4 Nc6 21. Qe3 Ne5 22. c5 dxc5 23. f4 Nc6 24. f5 Nb4 25. O-O Bd7 26. Rxb4 Rxb4 27. Nd5 Qd8 28. f6 exf6 29. Nxf6+ Kg7 30. Qxc5 Bb5 31. Qxb4 Bxe2 32. Rf2 Qd1+ 33. Kh2 Rc8 34. Qe7 Bc4 35. Qe5 Qd8 36. Ne8+ Kf8 37. Nd6 Rc6 38. Nxc4 Kg8 39. Ne3 Re6 40. Qf4 h5 41. Qxf7+ 1-0

[Event "CCT Chessable Masters Play-In 2025"]
[Site "Online"]
[Date "2025.02.17"]
[Round "6.38"]
[White "Smirnov, Pavel"]
[Black "Bok, Benjamin"]
[Result "0-1"]
[WhiteElo "2476"]
[BlackElo "2583"]
[PlyCount "90"]
[EventDate "2025.02.13"]
[EventType "swiss"]
[EventCountry "NET"]

1. d4 Nf6 2. c4 e6 3. g3 c5 4. Nf3 cxd4 5. Nxd4 d5 6. Bg2 e5 7. Nf3 d4 8. O-O Nc6 9. e3 Be7 10. exd4 exd4 11. Bf4 O-O 12. Ne5 Qb6 13. Re1 Nxe5 14. Bxe5 Rd8 15. Qb3 Bb4 16. Bc7 Qxc7 17. Qxb4 Be6 18. Nd2 a5 19. Qb5 Rac8 20. Rac1 b6 21. a3 Qc5 22. Qa4 d3 23. h3 Qh5 24. Qb5 Qxb5 25. cxb5 Rc2 26. Rcd1 Rxb2 27. Bc6 Ra2 28. g4 Rxa3 29. Nf3 h6 30. Re3 a4 31. Nd2 Rc3 32. Nb1 Rb3 33. Nd2 Rb2 34. f4 a3 35. f5 a2 36. fxe6 Rxd2 37. Ra1 fxe6 38. Rxe6 Rb2 39. Ree1 d2 40. Red1 Nd5 41. Bxd5+ Rxd5 42. Kf2 Rdxb5 43. Ke3 Rb1 44. Kxd2 Rxd1+ 45. Kxd1 Rb1+ 0-1

[Event "CCT Chessable Masters Play-In 2025"]
[Site "Online"]
[Date "2025.02.17"]
[Round "6.39"]
[White "Grandelius, Nils"]
[Black "Oparin, Grigoriy"]
[Result "1-0"]
[WhiteElo "2644"]
[BlackElo "2660"]
[PlyCount "67"]
[EventDate "2025.02.13"]
[EventType "swiss"]
[EventCountry "NET"]

1. d4 Nf6 2. c4 e6 3. Nc3 d5 4. cxd5 exd5 5. Bf4 Bd6 6. Bxd6 Qxd6 7. e3 O-O 8. Bd3 c6 9. Nge2 Re8 10. O-O a5 11. Qd2 Na6 12. Rad1 Nc7 13. f3 b5 14. Rfe1 Ba6 15. Ng3 g6 16. Qf2 b4 17. Na4 Bxd3 18. Rxd3 Ne6 19. e4 Nd7 20. e5 Qb8 21. b3 Qb5 22. Rd2 Rad8 23. f4 c5 24. dxc5 Ndxc5 25. Nxc5 Nxc5 26. Red1 Ne6 27. h3 a4 28. f5 Ng7 29. Ne4 Rxe5 30. Nf6+ Kh8 31. Qh4 h5 32. fxg6 fxg6 33. Qf4 Qb6+ 34. Rd4 1-0

[Event "CCT Chessable Masters Play-In 2025"]
[Site "Online"]
[Date "2025.02.17"]
[Round "6.40"]
[White "Murzin, Volodar"]
[Black "Rustemov, Alexander"]
[Result "1-0"]
[WhiteElo "2657"]
[BlackElo "2525"]
[PlyCount "107"]
[EventDate "2025.02.13"]
[EventType "swiss"]
[EventCountry "NET"]

1. d4 d5 2. Nf3 Nf6 3. Bf4 c5 4. e3 Nc6 5. Nbd2 Bg4 6. c3 e6 7. Qb3 Qc8 8. h3 Bxf3 9. Nxf3 Be7 10. a3 O-O 11. Be2 c4 12. Qc2 b5 13. Nd2 a5 14. e4 b4 15. e5 Nd7 16. O-O bxa3 17. bxa3 a4 18. Be3 Na5 19. f4 Nb3 20. Ra2 f5 21. Nf3 g6 22. Bd1 Rf7 23. g4 Nf8 24. Kh1 Rg7 25. Qg2 Kf7 26. Ne1 Ra5 27. Nc2 Ke8 28. Nb4 Bxb4 29. axb4 Raa7 30. Rg1 Qc6 31. Bf3 Raf7 32. Qh2 Nd7 33. Bf2 h6 34. gxf5 Rxf5 35. Be3 Nf8 36. Qb2 Ra7 37. Qa3 Qb5 38. Bd1 Kd7 39. Rag2 Kc6 40. Rxg6 Nxg6 41. Rxg6 Re7 42. Bg4 Kb7 43. Kh2 Qe8 44. Bxf5 exf5 45. b5 Qxg6 46. Qxe7+ Kb6 47. e6 Qh5 48. Qd6+ Kxb5 49. Qxd5+ Kb6 50. e7 Qe2+ 51. Qg2 Qxe3 52. Qg6+ Kc7 53. e8=Q Qxf4+ 54. Qg3 1-0

[Event "CCT Chessable Masters Play-In 2025"]
[Site "Online"]
[Date "2025.02.17"]
[Round "6.41"]
[White "Atabayev, Saparmyrat"]
[Black "Eljanov, Pavel"]
[Result "1-0"]
[WhiteElo "2516"]
[BlackElo "2658"]
[PlyCount "65"]
[EventDate "2025.02.13"]
[EventType "swiss"]
[EventCountry "NET"]

1. e4 e5 2. Nf3 Nc6 3. Bb5 a6 4. Ba4 Nf6 5. O-O Be7 6. Re1 b5 7. Bb3 O-O 8. h3 Bb7 9. d3 d6 10. c3 Na5 11. Bc2 c5 12. Nbd2 Re8 13. Nf1 h6 14. Ng3 Bf8 15. d4 cxd4 16. cxd4 exd4 17. Nxd4 Rc8 18. Ndf5 Qc7 19. Bd3 d5 20. e5 Rxe5 21. Rxe5 Qxe5 22. Bd2 Nc6 23. Nh5 d4 24. Bf4 Qe6 25. Nxf6+ Qxf6 26. Qg4 Kh8 27. Re1 Nb4 28. Be4 Bxe4 29. Rxe4 Rd8 30. Nxh6 d3 31. Nxf7+ Qxf7 32. Qh4+ Kg8 33. Qxd8 1-0

[Event "CCT Chessable Masters Play-In 2025"]
[Site "Online"]
[Date "2025.02.17"]
[Round "6.42"]
[White "Hakobyan, Aram"]
[Black "Gokerkan, Cem Kaan"]
[Result "1-0"]
[WhiteElo "2635"]
[BlackElo "2473"]
[PlyCount "49"]
[EventDate "2025.02.13"]
[EventType "swiss"]
[EventCountry "NET"]

1. d4 Nf6 2. c4 e6 3. Nc3 Bb4 4. e3 O-O 5. a3 Bxc3+ 6. bxc3 c5 7. Ne2 d6 8. Ng3 Nc6 9. Ra2 b6 10. e4 Ba6 11. Bg5 h6 12. h4 cxd4 13. cxd4 Rc8 14. Rd2 Qe7 15. f4 Na5 16. e5 dxe5 17. Ne4 exf4 18. Nxf6+ gxf6 19. Bxf4 Nxc4 20. Bxh6 f5 21. Rd3 Ne5 22. Rg3+ Ng6 23. Bxa6 Qd6 24. Rhh3 f4 25. Rg5 1-0

[Event "CCT Chessable Masters Play-In 2025"]
[Site "Online"]
[Date "2025.02.17"]
[Round "6.43"]
[White "Paravyan, David"]
[Black "Pranav Anand"]
[Result "1/2-1/2"]
[WhiteElo "2621"]
[BlackElo "2538"]
[PlyCount "95"]
[EventDate "2025.02.13"]
[EventType "swiss"]
[EventCountry "NET"]

1. e4 e5 2. Nf3 Nc6 3. Bc4 Bc5 4. Nc3 Nf6 5. O-O h6 6. d3 d6 7. Na4 Bb6 8. c3 Bg4 9. Nxb6 axb6 10. a4 O-O 11. h3 Be6 12. Bxe6 fxe6 13. b4 Qe8 14. Be3 Kh7 15. Re1 Qg6 16. Kh1 Nh5 17. Nh4 Qf7 18. g3 Nf6 19. Kg2 d5 20. b5 Ne7 21. c4 Rad8 22. Qe2 Ng6 23. Nxg6 Qxg6 24. cxd5 exd5 25. Qc2 Rf7 26. a5 bxa5 27. Rxa5 dxe4 28. dxe4 Nxe4 29. Ra4 Nf6 30. Rc4 Qxc2 31. Rxc2 Rd5 32. b6 c6 33. Ra1 Rb5 34. Rc5 Rxc5 35. Bxc5 Kg6 36. Bd6 Ne4 37. Bxe5 Rxf2+ 38. Kg1 Rf5 39. Bc7 Rb5 40. Ra7 Nc5 41. Bd6 Ne4 42. Bc7 Rb1+ 43. Kg2 Rb2+ 44. Kg1 Nc5 45. Bd6 Ne4 46. Bc7 Nc5 47. Bd6 Ne4 48. Bc7 1/2-1/2

[Event "CCT Chessable Masters Play-In 2025"]
[Site "Online"]
[Date "2025.02.17"]
[Round "6.44"]
[White "Matinian, Nikita"]
[Black "Alekseev, Evgeny"]
[Result "0-1"]
[WhiteElo "2415"]
[BlackElo "2505"]
[PlyCount "110"]
[EventDate "2025.02.13"]
[EventType "swiss"]
[EventCountry "NET"]

1. e4 c5 2. Nc3 e6 3. d4 cxd4 4. Qxd4 Nc6 5. Qe3 Nf6 6. Nf3 d6 7. Bd2 a6 8. O-O-O Qc7 9. h3 b5 10. g4 Bb7 11. g5 Nd7 12. h4 Nde5 13. a3 b4 14. axb4 Nxb4 15. Nd4 Nc4 16. Bxc4 Qxc4 17. Rhe1 g6 18. Nb3 a5 19. Qb6 Qc6 20. Qxc6+ Bxc6 21. Nd5 Bxd5 22. exd5 Nxd5 23. Bxa5 Be7 24. Rxd5 exd5 25. Bc3 Kd7 26. Bxh8 Rxh8 27. Nd4 h6 28. f4 hxg5 29. hxg5 Rh4 30. Rf1 Bd8 31. c3 Bb6 32. Ne2 Ke6 33. Kc2 Rh3 34. b4 Kf5 35. Nd4+ Ke4 36. Nb5 d4 37. cxd4 Kd5 38. f5 Kc4 39. Nxd6+ Kxd4 40. Nxf7 gxf5 41. Rxf5 Rg3 42. Nd6 Rg2+ 43. Kb3 Rg3+ 44. Ka4 Rg2 45. Nb5+ Ke4 46. Rf6 Be3 47. g6 Kd5 48. Rf5+ Kc4 49. Na3+ Kd3 50. Rf3 Ke4 51. Rxe3+ Kxe3 52. b5 Rg4+ 53. Ka5 Rxg6 54. b6 Rg5+ 55. Ka6 Rg6 0-1

[Event "CCT Chessable Masters Play-In 2025"]
[Site "Online"]
[Date "2025.02.17"]
[Round "6.45"]
[White "Svane, Rasmus"]
[Black "Vaishali, Rameshbabu"]
[Result "1-0"]
[WhiteElo "2621"]
[BlackElo "2476"]
[PlyCount "113"]
[EventDate "2025.02.13"]
[EventType "swiss"]
[EventCountry "NET"]

1. Nf3 c5 2. c4 Nf6 3. Nc3 e6 4. g3 d5 5. cxd5 exd5 6. d4 Nc6 7. Bg2 cxd4 8. Nxd4 Bc5 9. Nb3 Bb6 10. Na4 O-O 11. Nxb6 axb6 12. Be3 Re8 13. O-O Bg4 14. Re1 h5 15. Bg5 Re5 16. Qd2 Qe7 17. h3 Bf5 18. Nd4 Nxd4 19. Qxd4 Be4 20. Bxf6 Qxf6 21. a3 h4 22. g4 Rc8 23. Rac1 Rce8 24. f3 Bh7 25. f4 R5e6 26. Qxf6 Rxf6 27. f5 g6 28. fxg6 Bxg6 29. Bxd5 Re3 30. Rc3 Rxc3 31. bxc3 Rf4 32. Kg2 Ra4 33. Ra1 Kg7 34. Kf3 f5 35. c4 Kf6 36. e3 fxg4+ 37. Kxg4 b5 38. Rc1 bxc4 39. Rxc4 Rxa3 40. e4 Ke5 41. Kxh4 b5 42. Rb4 Kf4 43. Rxb5 Ra7 44. Rb7 Ra4 45. Re7 Rb4 46. Re6 Rb8 47. Rf6+ Ke5 48. Rxg6 Rh8+ 49. Kg4 Rf8 50. h4 Rf4+ 51. Kg5 Rf1 52. h5 Rg1+ 53. Kh6 Rh1 54. Rg5+ Kf6 55. Rf5+ Ke7 56. Kg6 Rg1+ 57. Rg5 1-0